| 000 | 00433nam a22001937a 4500 | ||
|---|---|---|---|
| 003 | bpm | ||
| 005 | 20260416111937.0 | ||
| 008 | 260416b |||||||| |||| 00| edspa d | ||
| 024 | _aS. C. C. / M. C. y E. M.: | ||
| 040 | _aAR-CtUCP | ||
| 041 | _aspa | ||
| 080 | _aCDU | ||
| 100 | _aGonzález Joaquín Victor | ||
| 245 | _aMis montañas | ||
| 260 | _c2012 | ||
| 650 | _aLiteratura - Ensayo | ||
| 942 | _cLIB | ||
| 999 |
_c76652 _d76652 |
||